书目信息 |
| 题名: |
亚当.斯密关于法律、警察、岁入及军备的演讲
|
|
| 作者: | 坎南 编 | |
| 分册: | ||
| 出版信息: | 北京 商务印书馆 1962.12 |
|
| 页数: | 285页 | |
| 开本: | 32开 | |
| 丛书名: | ||
| 单 册: | ||
| 中图分类: | D034 | |
| 科图分类: | ||
| 主题词: | 国家理论 | |
| 电子资源: | ||
| ISBN: | 7-100-01181-7 | |
| 000 | 00605nam0 2200193 45 | |
| 001 | 0009191992 | |
| 005 | 20001212162303.5 | |
| 010 | @a7-100-01181-7@d11.50元 | |
| 100 | @a20000919d1962 km y0chiy0120 ea | |
| 101 | 0 | @achi |
| 105 | @a z 000yy | |
| 200 | 1 | @a亚当.斯密关于法律、警察、岁入及军备的演讲@AYa Dang.Si Mi Guan Yu Fa Lu、Jing Cha、Sui Ru Ji JunBei De Yan Jiang@f(英)坎南编@F(Ying)Kan Nan Bian |
| 210 | @a北京@c商务印书馆@d1962.12 | |
| 215 | @a285页@d32开 | |
| 606 | 0 | @a国家理论 |
| 690 | @aD034@v3 | |
| 701 | 0 | @a坎南@4编 |
| 801 | @aCN@bPftUser@c20000919 | |
| 905 | @dD034@eK.195@b306609-610@f2 | |
| 亚当.斯密关于法律、警察、岁入及军备的演讲/(英)坎南编.-北京:商务印书馆,1962.12 |
| 285页;32开 |
| ISBN 7-100-01181-7:11.50元 |
| ● |
| 相关链接 |
|
|
|
正题名:亚当·斯密关于法律、警察、岁入及军备的演
索取号:D034/K.195
 
预约/预借
| 序号 | 登录号 | 条形码 | 馆藏地/架位号 | 状态 | 备注 |
| 1 | 306609 | 203066092 | 社科库509/422社科库 42排1列1层/ [索取号:D034/K.195] | 在馆 | |
| 2 | 306610 | 203066109 | 社科库509/509社科库 67排6列6层/ [索取号:D034/K.195] | 在馆 |